00314nam a2200109Ia 4500008004100000082001600041100002200057245004800079260006000127300000900187650000800196191201s2009 xx 000 0 und d a658.15bRAM aRANHUNATHAREDDY,D 0aManagerial Economics and financial analysis aChennaibScitech Publication Chennai and Hadrabadc2009 aMISC aBBA